00724cam a2200193 a 450000100100000000500170001000800410002704000230006808200210009110000390011224500490015126000360020030000330023650400290026965100590029891000340035795201240039199900150051500000690920200929154022.0890530s1987 cu a b 000 0aspa  aDO-SdBNPcDLCdDLC a972.91063bL431r1 aLazo Pérez, Mario,d1931-91914810aRecuerdos del Moncada /cMario Lazo Pérez. aLa Habana :bPolítica,c1987. axiv, 190 p. :bil. ;c23 cm. aBibliografías: p. 191. 4aCubaxHistoriayASALTO AL CUARTEL MONCADA, 1953919149 aCatalogación por copia / LC 001052708MOaGRbGRcCTd2009-09-03iLF1l0o972.91063 L431rp6909-10r2020-06-25w2020-06-25y2ZPréstamo interno c6694d6694